000 00583nam a22002417a 4500
003 UA-OsUOA
001 39827
007 ta
008 20080519b un ||||| |||| 00| 0 ukr d
100 _aІвченко В.
090 _a82-1
_bИ99
942 _cBR
040 _aUA-OsUOA
_bukr
_cUA-OsUOA
_dUA-OsUOA
245 _aПо чужині
300 _a27 с.
955 _a3
041 _aukr
080 _a82-1
260 _aМіннеаполіс
_c1992
246 3 1 _aВірші
650 7 _a82 Література. Літературознавство
_2UDC
999 _c438336
_d438336